000 00945nam a22002297a 4500
999 _c102495
_d102495
005 20230530155833.0
010 _a1617EN ENG-116362 ENG-137062
020 _a9789351866084
_c500.00
035 _aEN-99894 EN-120594
035 _aB-647837-847
035 _aB-667802
037 _bPrabhat
_adpl
082 _a342.540853
100 _aRai, K.B.
245 _aRight to information act(RTI) :
_cby K.B.Rai
_bwhat to share and what not to share /
260 _aNew Delhi
_bPrabhat Books
_c2016
270 _a4/19, Asaf Ali Road
_bNew Delhi
_e110002
300 _a358p.
_c22cm(Hb)
942 _2ddc
_cEN
_h342.540853
_mRAI